| 000 | 00948cam a2200241 a 4500 | ||
|---|---|---|---|
| 001 | 11866761 | ||
| 005 | 20241028131122.0 | ||
| 008 | 991213s2001 nyua b 001 0 eng | ||
| 020 | _a9780471357148 | ||
| 050 | 0 | 0 |
_aNA2708 _b.C66 2001 |
| 082 | 0 | 0 |
_a720/.28/4 _221 |
| 100 | 1 |
_aCooper, Douglas, _d1946- |
|
| 245 | 1 | 0 |
_aDrawing and perceiving : _blife drawing for students of architecture and design / _cDouglas Cooper. |
| 250 | _a3rd ed. | ||
| 260 |
_aNew York : _bWiley, _cc2001. |
||
| 300 |
_aviii, 208 p. : _bill. (some col.) ; _c22 x 26 cm. |
||
| 650 | 0 |
_aArchitectural drawing _xTechnique. |
|
| 650 | 0 | _aVisual perception. | |
| 856 | 4 | 2 |
_3Contributor biographical information _uhttp://www.loc.gov/catdir/bios/wiley043/99089639.html |
| 856 | 4 | 2 |
_3Publisher description _uhttp://www.loc.gov/catdir/description/wiley035/99089639.html |
| 856 | 4 |
_3Table of Contents _uhttp://www.loc.gov/catdir/toc/onix06/99089639.html |
|
| 942 |
_2lcc _cBK _e3rd Ed. _n0 |
||
| 999 |
_c280 _d280 |
||